000 00964nam a2200325 a 4500
003 AR-BaBNM
005 20251128203408.0
008 082120s2002 ||||||||||||||000 | spa||
040 _cAR-BaBNM
100 1 _aLafont, Julio B.
245 0 0 _aHistoria de la Constitución Argentina
_banarquía - tiranía - organización. 2
260 _aBuenos Aires
_bF.V.D.
_c1953
300 _a474 p.
500 _aApéndices para consultar p. 425-459.
650 4 _aCIENCIAS POLITICAS
650 4 _aHISTORIA POLITICA
650 4 _aHISTORIA INSTITUCIONAL
650 4 _aCAUDILLOS ARGENTINOS
650 4 _aHISTORIA CONSTITUCIONAL
650 4 _aFEDERALISMO ARGENTINO
650 4 _aHISTORIA DE LAS IDEAS
650 4 _aPACTO FEDERAL
650 4 _aORGANIZACION NACIONAL
650 4 _aPRESIDENCIAS ARGENTINAS
650 4 _aCONGRESO CONSTITUYENTE DE 1853
650 4 _aROSAS Y SU TIEMPO
650 4 _aHISTORIOGRAFIA ARGENTINA
942 _cBK
998 _cmariana
999 _c3182
_d3182